000 00466cam a22001812 4500
001 0000000963
005 20170406113023.0
008 131121s xx 000 0 eng d
020 _c$
040 _aYour Holding Symbol
_cYour Holding Symbol
100 1 _aStern,Karl.
245 1 4 _aThe pillar of fire.
250 _a ed.
260 _alondon :
_bmichael joseph,
_c1951.
300 _a276 p. ;
_c cm.
650 0 _atheology.
908 _a131121
999 _c882
_d882